[Event "TCh-FIN 2010-11"]
[Site "Helsinki FIN"]
[Date "2011.02.12"]
[Round "6.1"]
[White "Novik,Ma"]
[Black "Huebner,R"]
[Result "1-0"]
[WhiteElo "2466"]
[BlackElo "2598"]

1.Nf3 d5 2.g3 c6 3.Bg2 Bg4 4.O-O Nd7 5.d4 e6 6.Nbd2 Ngf6 7.Re1 Be7 8.e4 dxe4
9.Nxe4 O-O 10.c3 Qb6 11.Ned2 a5 12.a4 Nd5 13.Nc4 Qc7 14.Qb3 Rfe8 15.Ne3 Bh5
16.Nxd5 cxd5 17.Bf4 Bd6 18.Bxd6 Qxd6 19.Ne5 Nxe5 20.Rxe5 Bg6 21.Rae1 Red8
22.f4 Bd3 23.Qd1 Ba6 24.f5 exf5 25.Rxf5 Qb6 26.Bxd5 Qxb2 27.Bxf7+ Kh8 28.Rh5 h6
29.Rxh6+ gxh6 30.Qh5 Qb6  1-0

[Event "Aeroflot Open B"]
[Site "Moscow RUS"]
[Date "2011.02.12"]
[Round "5"]
[White "Demianjuk,A"]
[Black "Berube,A"]
[Result "1-0"]
[WhiteElo "2305"]
[BlackElo "2146"]

1.Nf3 d5 2.g3 c6 3.Bg2 Bg4 4.O-O Nd7 5.d3 e5 6.Nbd2 Ngf6 7.e4 dxe4 8.dxe4 Bc5
9.h3 Bxf3 10.Qxf3 O-O 11.a4 a5 12.Nc4 Qe7 13.Bd2 b6 14.Ne3 g6 15.Nc4 Rfe8
16.Bh6 Qe6 17.Qe2 Bf8 18.Bxf8 Kxf8 19.Rfd1 Qe7 20.Qd2 Rab8 21.Qd6 Rec8 22.h4 Qxd6
23.Rxd6 Ke7 24.Rad1 Rc7 25.Bh3 Rbb7 26.f3 h5 27.Kf2 Ra7 28.c3 b5 29.axb5 cxb5
30.Bxd7 bxc4 31.Bh3 Rab7 32.R6d2 Rb6 33.Ra1 Rc5 34.Ke3 Rb7 35.f4 Ne8 36.fxe5 Rxe5
37.Rd5 Rxd5 38.exd5 Rxb2 39.Rxa5 Nd6 40.Ra6 Rb7 41.Kd4 f6 42.Rc6 g5 43.hxg5 fxg5
44.Be6 Ne8 45.Ke5 Rb1 46.d6+ Nxd6 47.Rc7+ Kd8 48.Rd7+ Ke8 49.Rxd6 Rc1 50.Kf6 Rxc3
51.Bf7+ Kf8 52.Rd8+  1-0

[Event "Aeroflot Open B"]
[Site "Moscow RUS"]
[Date "2011.02.12"]
[Round "5"]
[White "Zhelesny,S"]
[Black "Adamowicz,K"]
[Result "1/2-1/2"]
[WhiteElo "2194"]
[BlackElo "2103"]

1.Nf3 d5 2.g3 Nf6 3.Bg2 g6 4.O-O Bg7 5.d4 O-O 6.Nbd2 c6 7.c3 Nbd7 8.Qc2 b6
9.e4 dxe4 10.Nxe4 Bb7 11.Re1 c5 12.Nxf6+ Bxf6 13.Bh6 Re8 14.Rad1 cxd4 15.Nxd4  1/2-1/2

[Event "G-TEAM Open"]
[Site "Novy Bor CZE"]
[Date "2011.02.12"]
[Round "1"]
[White "Vorobyov,Y"]
[Black "Marhan,Frantisek"]
[Result "1-0"]
[WhiteElo "2203"]
[BlackElo "1734"]

1.Nf3 d5 2.g3 c6 3.Bg2 Nf6 4.O-O Bf5 5.b3 e6 6.Bb2 Be7 7.d3 O-O 8.Nbd2 Qc7
9.Qe1 Nbd7 10.e4 dxe4 11.dxe4 Bg6 12.e5 Nd5 13.Ne4 Bxe4 14.Qxe4 Rad8 15.a3 Nc5
16.Qe2 Rd7 17.c4 Nb6 18.Nd4 Rfd8 19.Rad1 a5 20.Qc2 a4 21.b4 Nb3 22.Nxb3 Rxd1
23.Rxd1 Rxd1+ 24.Qxd1 Nxc4 25.Nc1 Nxb2 26.Qd4 Nc4 27.Qxc4 Qxe5 28.Nd3 Qa1+
29.Qc1 Qd4 30.Bf1 Bf6 31.Qc5 Qxc5 32.bxc5 Bd4 33.Kg2 e5 34.f3 f5 35.Be2 e4
36.fxe4 fxe4 37.Nb4 Bxc5 38.Bd1 b5 39.Nxc6 Bxa3 40.Nd4 Bc5 41.Nxb5 a3 42.Bb3+ Kf8
43.Nc3 e3 44.Kf3 Ke7 45.Nd5+ Kd6 46.Nxe3 Ke5 47.Nc2 Be7 48.Bg8 h6 49.Bf7 Kf6
50.Ba2 Ke5 51.h4 Bc5 52.Ne3 Bf8 53.Nc2 Bc5 54.h5 Be7 55.g4 Bc5 56.Ne3 Bf8
57.Nf5 Kf6 58.Nh4 Bb4 59.Ng6  1-0

[Event "G-TEAM Open"]
[Site "Novy Bor CZE"]
[Date "2011.02.12"]
[Round "1"]
[White "Latas,B"]
[Black "Kratky,Josef"]
[Result "1-0"]
[WhiteElo "2285"]
[BlackElo "1836"]

1.Nf3 d5 2.g3 e6 3.Bg2 c6 4.O-O f5 5.c4 Nf6 6.b3 Bd6 7.Bb2 O-O 8.d3 Qe7 9.Nc3 e5
10.cxd5 cxd5 11.Nb5 Nc6 12.Nxd6 Qxd6 13.Rc1 h6 14.b4 e4 15.dxe4 fxe4 16.Nd4 Qxb4
17.Nxc6 bxc6 18.Bd4 Ba6 19.Bc5 Qb5 20.Bxf8 Rxf8 21.Qd4 Qxe2 22.Rxc6 Bc4 23.Rc7 Qh5
24.Re1 Qg6 25.h3 a6 26.a4 h5 27.Kh2 h4 28.gxh4 Qh6 29.Qe3 Qxh4 30.Kg1 Qh5
31.Rb1 Qe5 32.Qg3 Qxg3 33.fxg3 e3 34.g4 e2 35.Re1 Ne8 36.Rxc4 dxc4 37.Bd5+ Kh8
38.Bxc4 Rf4 39.Bd3 Rf3 40.Bxe2 Rxh3 41.Bf1 Rg3+ 42.Kf2 Rxg4 43.Rxe8+ Kh7
44.Re4 Rg6 45.Bd3  1-0

[Event "TCh-FIN 2010-11"]
[Site "Salo FIN"]
[Date "2011.02.12"]
[Round "6.3"]
[White "Seeman,T"]
[Black "Westerinen,H"]
[Result "1/2-1/2"]
[WhiteElo "2420"]
[BlackElo "2365"]

1.Nf3 d5 2.g3 Nf6 3.Bg2 Bg4 4.c4 Bxf3 5.Bxf3 c6 6.Qb3 Qc7 7.d4 e6 8.Nc3 Nbd7
9.O-O Qb6 10.cxd5 Qxb3 11.axb3 exd5 12.e4 dxe4 13.Nxe4 Nxe4 14.Bxe4 Nf6 15.Bf3 Bb4
16.Bg5 Nd5 17.Rfc1 h6 18.Bxd5 hxg5 19.Bf3 a5 20.d5 c5 21.d6 Rd8 22.Rd1 Rh6
23.Rd5 Rhxd6 24.Rxg5 Kf8 25.Bxb7 Rd1+ 26.Rxd1 Rxd1+ 27.Kg2 Rd2 28.Rf5 Rxb2
29.Bd5 f6 30.h4 Re2 31.g4 Re5 32.Rxe5 fxe5 33.Kf3 Ke7 34.g5 g6 35.Kg4 Kf8
36.f3 Kg7 37.Bc4 Bd2 38.h5 gxh5+ 39.Kxh5 Be3 40.Kg4 Bd4 41.Kf5 Bc3 42.Bd3 Bd4
43.Bc4  1/2-1/2

[Event "ch-St Petersburg Women"]
[Site "St Petersburg RUS"]
[Date "2011.02.12"]
[Round "2"]
[White "Stjazhkina,O"]
[Black "Belenkaya,D"]
[Result "1/2-1/2"]
[WhiteElo "2240"]
[BlackElo "2092"]

1.Nf3 d5 2.g3 Nf6 3.Bg2 Nbd7 4.d4 g6 5.O-O Bg7 6.c4 c6 7.cxd5 cxd5 8.Nc3 O-O
9.Bf4 Nb6 10.Nb5 Bd7 11.Qb3 Bxb5 12.Qxb5 Qd7 13.Qd3 Rfc8 14.Ne5 Qd8 15.b3 e6
16.a4 Nbd7 17.Qb5 Nxe5 18.Bxe5 Qd7 19.Rfc1 Rxc1+ 20.Rxc1 Rc8 21.Rc5 Rc6 22.Rxc6 Qxc6
23.Qxc6 bxc6 24.Bb8 a6 25.e3 Nd7 26.Ba7 a5 27.Bf1 Kf8 28.Ba6 Ke7 29.Bc8 Bf8
30.Kf1 Kd8 31.Bxd7 Kxd7 32.Bc5 Bd6 33.Ke2 Bc7 34.Kd3 f5 35.f4 Kc8 36.b4 Kb7
37.Kc3 Ka6 38.Kb3 axb4  1/2-1/2

[Event "G-TEAM Open"]
[Site "Novy Bor CZE"]
[Date "2011.02.14"]
[Round "3"]
[White "Jiruse,J"]
[Black "Vseticek,Oldrich"]
[Result "1-0"]
[WhiteElo "2068"]
[BlackElo "1754"]

1.Nf3 d5 2.g3 Nf6 3.Bg2 e6 4.O-O Be7 5.d3 O-O 6.c3 c5 7.Qc2 Nc6 8.Re1 Qc7
9.e4 dxe4 10.dxe4 e5 11.Bg5 Be6 12.Nbd2 Rfd8 13.Nf1 Ne8 14.Bxe7 Qxe7 15.Ne3 f6
16.Nd5 Qf7 17.c4 Nd4 18.Nxd4 cxd4 19.f4 Rac8 20.Qd3 Qd7 21.a4 Nd6 22.b3 Bxd5
23.exd5 Re8 24.fxe5 fxe5 25.Ra2 b6 26.Rae2 Nf7 27.Be4 g6 28.Bxg6 hxg6 29.Qxg6+ Kf8
30.Rf2 Re7 31.Ref1 Qe8 32.Qh7  1-0

[Event "ch-ROU Men"]
[Site "Sarata Monteoru ROU"]
[Date "2011.02.14"]
[Round "3.7"]
[White "Miroiu,G"]
[Black "Miron,L"]
[Result "1/2-1/2"]
[WhiteElo "2277"]
[BlackElo "2509"]

1.Nf3 d5 2.g3 g6 3.Bg2 Bg7 4.d4 Nf6 5.c4 dxc4 6.Na3 Nc6 7.Nxc4 O-O 8.O-O Be6
9.b3 Bd5 10.Bb2 a5 11.a4 Nb4 12.Rc1 c6 13.Nfe5 Bxg2 14.Kxg2 Ra6 15.Re1 Nd7
16.Nd3 b5 17.Na3 Nxd3 18.Qxd3 Qa8 19.Kg1 bxa4 20.bxa4 c5 21.Nb5  1/2-1/2

[Event "Aeroflot Open B"]
[Site "Moscow RUS"]
[Date "2011.02.15"]
[Round "8"]
[White "Gabuzyan,H"]
[Black "Pridorozhni,A"]
[Result "0-1"]
[WhiteElo "2380"]
[BlackElo "2543"]

1.Nf3 d5 2.g3 c6 3.Bg2 Bg4 4.O-O Nd7 5.d4 e6 6.Nbd2 Ngf6 7.Re1 Be7 8.e4 dxe4
9.Nxe4 Nxe4 10.Rxe4 Nf6 11.Re1 O-O 12.c3 Qb6 13.Qb3 Bxf3 14.Bxf3 Rfd8 15.Be3 Nd5
16.Bd2 Bf6 17.Re4 a5 18.Qc2 c5 19.dxc5 Qxc5 20.a3 b5 21.Rc1 Rac8 22.Qb3 a4
23.Qc2 Qe7 24.Be1 Qe8 25.Rd1 g6 26.h4 h5 27.Qe2 Nb6 28.Rxd8 Rxd8 29.Bd2 Nc4
30.Bc1 Qd7 31.Qf1 Rc8 32.Re1 Rc5 33.Rd1 Qe7 34.Qe2 Re5 35.Qd3 Kg7 36.Be4 Rc5
37.Qf3 Be5 38.Bd3 Qc7 39.Kg2 Rd5 40.Re1 Kg8 41.Re2 Bg7 42.Bc2 Ne5 43.Qf4 Qd7
44.Rd2 Nd3 45.Bxd3 Rxd3 46.Rxd3 Qxd3 47.Be3 Qd5+ 48.Qf3 Qb3 49.Qe2 Qd5+ 50.Qf3 Qxf3+
51.Kxf3 f5 52.Ke2 e5 53.Kd3 Kf7 54.Kc2 Ke6 55.b3 Bf8 56.Kb2 axb3 57.Kxb3 Kd5
58.Bb6 Be7 59.Ba7 f4 60.Bb6 f3 61.Kc2 Bxa3 62.Kd3 Bc5 63.Bxc5 Kxc5 64.Kd2 Kc4
65.Kc2 e4 66.Kd2 Kb3  0-1

[Event "ch-ROU Men"]
[Site "Sarata Monteoru ROU"]
[Date "2011.02.16"]
[Round "6.5"]
[White "Badea,B"]
[Black "Baratosi,D"]
[Result "1-0"]
[WhiteElo "2493"]
[BlackElo "2372"]

1.Nf3 d5 2.g3 c6 3.Bg2 Bg4 4.b3 Nd7 5.Bb2 Ngf6 6.O-O e6 7.c4 Bd6 8.d4 Bxf3
9.exf3 g5 10.Re1 Qa5 11.c5 Be7 12.b4 Qc7 13.Nc3 b6 14.Rb1 h6 15.Bc1 bxc5
16.bxc5 Rb8 17.Rxb8+ Qxb8 18.Qa4 Qc7 19.f4 Rg8 20.Bd2  1-0

[Event "ch-St Petersburg S/F 2011"]
[Site "St Petersburg RUS"]
[Date "2011.02.16"]
[Round "6.8"]
[White "Shchukin,D"]
[Black "Pischikov,V"]
[Result "1-0"]
[WhiteElo "2346"]
[BlackElo "2092"]

1.Nf3 d5 2.g3 c5 3.Bg2 Nc6 4.O-O Nf6 5.d3 e5 6.Bg5 h6 7.Bxf6 Qxf6 8.Nfd2 Bd6
9.Bxd5 Bh3 10.Ne4 Qe7 11.Nxd6+ Qxd6 12.Bg2 Bxg2 13.Kxg2 f5 14.e4 f4 15.Nc3 O-O
16.f3 h5 17.Nd5 Rf7 18.gxf4 exf4 19.Kh1 g5 20.c3 Raf8 21.Qd2 Rg7 22.d4 Qe6
23.Rae1 g4 24.fxg4 f3 25.g5 Qg4 26.e5 Qg2+ 27.Qxg2 fxg2+ 28.Kxg2 Rxg5+ 29.Kh3 Rxf1
30.Rxf1 cxd4 31.Nf6+ Kg7 32.cxd4 Nxd4 33.Ne8+ Kg8 34.Kh4 Rxe5 35.Nf6+ Kh8
36.Nxh5 Nf5+ 37.Kh3 Ne3 38.Rf8+ Kh7 39.Ng3 Kg6 40.Rf4 Rb5 41.b3 Ra5 42.Rf3 Nc2
43.Kg4 Rg5+ 44.Kf4 Nd4 45.Rd3 Ne6+ 46.Kf3 Ra5 47.a4 Ra6 48.h4 Rb6 49.h5+ Kf6
50.Ne4+ Ke5 51.Nd2 Rb4 52.Ke3 Rg4 53.Nf3+ Kf6 54.Rd6 Rb4 55.Nd4 Kg5 56.Rxe6 Kxh5
57.Kd3 Kg4 58.Kc3 a5  1-0

[Event "IV Open A"]
[Site "Gora Swietej Anny POL"]
[Date "2011.02.17"]
[Round "7.27"]
[White "Olszowski,A"]
[Black "Oleksy,Helena"]
[Result "1-0"]
[WhiteElo "1783"]
[BlackElo "1441"]

1.Nf3 d5 2.g3 Nf6 3.b3 e6 4.Bb2 c5 5.d3 Nbd7 6.e3 b6 7.Bg2 Bb7 8.Nbd2 Bd6
9.c4 O-O 10.O-O Ng4 11.Ne1 Ndf6 12.d4 cxd4 13.exd4 Qe7 14.Bf3 Nh6 15.Nd3 dxc4
16.Nxc4 Bxf3 17.Qxf3 Nf5 18.a4 Rfe8 19.Nde5 Bxe5 20.dxe5 Nd5 21.Rfd1 Qg5
22.Qe4 h5 23.h4 Qe7 24.Rd3 Qc5 25.Rad1 Rec8 26.Ba3 Nb4 27.Nd6 Nxd6 28.exd6 Nxd3
29.Bxc5 Nxc5 30.Qf3 Rd8 31.d7 Rab8 32.Qc6 Kf8 33.b4 Na6 34.Qd6+ Kg8 35.Rd4 Rb7
36.Qe7 Rbb8 37.Kg2 Nc7 38.Rc4 Nd5 39.Qd6 Rb7 40.Rc8 Rxd7 41.Rxd8+  1-0

[Event "G-TEAM Open"]
[Site "Novy Bor CZE"]
[Date "2011.02.17"]
[Round "7"]
[White "Vorobyov,Y"]
[Black "Kozak,Mi"]
[Result "1/2-1/2"]
[WhiteElo "2203"]
[BlackElo "2220"]

1.Nf3 d5 2.g3 c6 3.Bg2 Nf6 4.O-O Bf5 5.d3 e6 6.Nbd2 h6 7.Qe1 Be7 8.e4 dxe4
9.dxe4 Bh7 10.e5 Nd5 11.Ne4 Qc7 12.Qe2 Nd7 13.c4 N5b6 14.b3 O-O 15.Bb2 Nc5
16.Nd4 Nbd7 17.f4 Nxe4 18.Bxe4 Bxe4 19.Qxe4 Bc5 20.Kh1 Bxd4 21.Bxd4 c5 22.Bf2 Rad8
23.g4 Nb8 24.Rad1 b6 25.Bh4 Rd7 26.g5 Rfd8 27.Rxd7 Rxd7 28.gxh6 g6 29.h7+ Kxh7
30.Bf6 Qc6  1/2-1/2

[Event "ch-St Petersburg S/F 2011"]
[Site "St Petersburg RUS"]
[Date "2011.02.18"]
[Round "8.9"]
[White "Gorovykh,E"]
[Black "Pischikov,V"]
[Result "1-0"]
[WhiteElo "2438"]
[BlackElo "2092"]

1.Nf3 d5 2.g3 c5 3.Bg2 Nc6 4.O-O Nf6 5.d3 e5 6.e4 dxe4 7.dxe4 Qxd1 8.Rxd1 Bg4
9.c3 Be7 10.Bg5 a6 11.Nbd2 b5 12.Nf1 O-O 13.Bxf6 Bxf6 14.Ne3 Be6 15.Nd5 Bd8
16.a4 b4 17.cxb4 cxb4 18.Rac1 Rc8 19.Bf1 Bg4 20.Bxa6 Bxf3 21.Bxc8 Bxd1 22.Rxd1 Ba5
23.Ba6 Nd4 24.Rc1 g6 25.Rc5 Nb3 26.Rb5 Rd8 27.Kg2 Rd6 28.Bb7 Kg7 29.Nxb4 Rb6
30.Rxb6 Bxb6 31.Bd5 Nc1 32.Bc4 Bd4 33.a5  1-0

[Event "TCh-SVK Extraliga 2010-11"]
[Site "Slovakia SVK"]
[Date "2011.02.19"]
[Round "5.1"]
[White "Markos,J"]
[Black "Velicka,P"]
[Result "1/2-1/2"]
[WhiteElo "2546"]
[BlackElo "2490"]

1.Nf3 d5 2.g3 Nf6 3.Bg2 Bg4 4.O-O e6 5.h3 Bh5 6.d3 Be7 7.Nc3 O-O 8.e4 Nc6
9.Bf4 e5 10.exd5 exf4 11.dxc6 fxg3 12.cxb7 gxf2+ 13.Rxf2 Rb8 14.Qe1 Rxb7
15.Ne5 Rb6 16.Nc6 Rxc6 17.Bxc6 Bc5 18.Qe5 Bd4 19.Qf4 Bg6 20.Nb5 Bxf2+ 21.Qxf2 a6
22.Na3 Nd5 23.Nc4 Nb6 24.Nd2 Qd6 25.Bg2 Re8 26.Nb3 Qe5 27.Qd4 Qxd4+ 28.Nxd4 c5
29.Nf3 c4 30.Re1 Rxe1+ 31.Nxe1 cxd3 32.Nxd3 Nc4 33.Kf2 Bxd3 34.cxd3 Nxb2
35.Ke3 Kf8 36.Bb7 Ke7 37.Bxa6 g5 38.Bc8 h5 39.Kd4 Kd6 40.Ke4 Na4 41.Kf5 g4
42.hxg4 hxg4 43.Kxg4 Ke5 44.Ba6 Nc5 45.Bc4 Nd7 46.Bxf7  1/2-1/2

[Event "49th TCh-DEN XtraCon 2010-11"]
[Site "Denmark DEN"]
[Date "2011.02.20"]
[Round "7.3"]
[White "Hansen,Lars"]
[Black "Shaw,J"]
[Result "0-1"]
[WhiteElo "2252"]
[BlackElo "2439"]

1.Nf3 d5 2.g3 Bg4 3.Bg2 Nd7 4.d3 c6 5.Nbd2 e5 6.h3 Bh5 7.e4 dxe4 8.dxe4 Ngf6
9.O-O Be7 10.Qe1 O-O 11.Nc4 Qc7 12.a4 Rfd8 13.Bg5 h6 14.Bd2 Ne8 15.g4 Bg6
16.h4 Nef6 17.g5 Nxe4 18.Ba5 b6 19.h5 Bh7 20.g6 fxg6 21.Qxe4 gxh5 22.Qe2 bxa5
23.Nfxe5 Nxe5 24.Nxe5 Bf6 25.Qc4+ Kf8 26.f4 Rd2 27.Rad1 Rad8 28.Rxd2 Rxd2
29.Bh3 Rxc2 30.Qd4 Qb6 31.Nd7+ Kf7 32.Ne5+ Ke7 33.Qxb6 axb6 34.Rd1 Rxb2 35.Rd7+ Ke8
36.Rc7 Be4 37.Bd7+ Kd8 38.Rc8+ Ke7 39.Bh3 Rb1+ 40.Kf2 Kd6 41.Ke3 Bd5 42.Nd3 Ra1  0-1

[Event "Frauenbundesliga 1st Div 2010-11"]
[Site "Germany GER"]
[Date "2011.02.20"]
[Round "9.3"]
[White "Moser,E"]
[Black "Frey,Al"]
[Result "1-0"]
[WhiteElo "2413"]
[BlackElo "2035"]

1.g3 d5 2.Nf3 c5 3.Bg2 Nc6 4.c4 Nf6 5.O-O e6 6.cxd5 exd5 7.d4 cxd4 8.Nxd4 Bc5
9.Nxc6 bxc6 10.Qc2 Qb6 11.Nc3 Bd6 12.Be3 Qb7 13.Bd4 Qe7 14.Nxd5 cxd5 15.Qc6+ Qd7
16.Qxa8 O-O 17.Qxa7 Qe6 18.Bc5 Bxc5 19.Qxc5 Qxe2 20.Qd4 Be6 21.Rfe1 Qb5 22.a4 Qa6
23.b4 Rb8 24.Rec1 h6 25.b5 Qb7 26.Rcb1 Qd7 27.b6 Bf5 28.Rb4 Be4 29.a5 Bxg2
30.Kxg2  1-0

[Event "Frauenbundesliga 1st Div 2010-11"]
[Site "Germany GER"]
[Date "2011.02.20"]
[Round "9.2"]
[White "Stojanovic,Andj"]
[Black "Kochetkova,J"]
[Result "1/2-1/2"]
[WhiteElo "2318"]
[BlackElo "2311"]

1.Nf3 d5 2.g3 Nf6 3.Bg2 c6 4.d3 Bg4 5.h3 Bh5 6.O-O Nbd7 7.c4 e6 8.cxd5 cxd5
9.Nc3 Be7 10.e4 dxe4 11.dxe4 Bxf3 12.Bxf3 Ne5 13.Qa4+ Qd7 14.Qxd7+ Nfxd7
15.Be2 Bc5 16.Rd1 a6 17.b3 Nc6  1/2-1/2

[Event "US Amateur Team-ch East"]
[Site "Parsippany USA"]
[Date "2011.02.20"]
[Round "3"]
[White "Panchanathan,M"]
[Black "Ward,We"]
[Result "1-0"]
[WhiteElo "2537"]
[BlackElo "2190"]

1.Nf3 d5 2.g3 Nf6 3.Bg2 c5 4.O-O Nc6 5.d4 cxd4 6.Nxd4 e5 7.Nxc6 bxc6 8.c4 Be6
9.Nc3 Qd7 10.Qa4 Rd8 11.Rd1 h6 12.b3 Be7 13.Ba3 O-O 14.cxd5 cxd5 15.Qxd7 Rxd7
16.Bxe7 Rxe7 17.Nxd5 Nxd5 18.Bxd5 Rc8 19.Bxe6 Rxe6 20.Rac1 Rxc1 21.Rxc1 Ra6
22.a4 g6 23.Rc8+ Kg7 24.Rb8 Rc6 25.a5 Rc3 26.b4 Rb3 27.a6 Kf6 28.b5 Ra3 29.Rb7 Rb3
30.e4 Ke6 31.Kf1 Rb2 32.Ke1 f5 33.Rxa7 Rxb5 34.Ra8 Rb1+ 35.Ke2 Rb2+ 36.Kf1 Ra2
37.a7  1-0

[Event "61st ch-RUS w 1st League"]
[Site "Ivanovo RUS"]
[Date "2011.02.21"]
[Round "1"]
[White "Trubitsyna,Y"]
[Black "Loginova,Tatiana"]
[Result "1-0"]
[WhiteElo "2091"]
[BlackElo "1599"]

1.Nf3 d5 2.g3 Nf6 3.Bg2 c6 4.O-O Bg4 5.d3 Nbd7 6.Nbd2 e5 7.e4 Bd6 8.c3 O-O
9.Re1 dxe4 10.dxe4 Re8 11.Nc4 Bf8 12.Qc2 Qc7 13.Ne3 Bh5 14.Nd2 Bc5 15.Bf1 Ng4
16.Nxg4 Bxg4 17.Kg2 Nf6 18.f3 Bh5 19.Nc4 b5 20.Ne3 a5 21.a4 Qb7 22.Be2 b4
23.Bc4 Bg6 24.Nf1 Ba7 25.Be3 Bxe3 26.Nxe3 Nd5 27.Rad1 Rad8 28.Qe2 Nb6 29.Bb3 Rd7
30.Rxd7 Nxd7 31.Nc4 Qc7 32.Qe3 c5 33.Rd1 Rd8 34.Qg5 h6 35.Qe7 Kh7 36.Nxe5 f6
37.Nxd7 Kh8 38.Nf8 Qxe7 39.Nxg6+ Kh7 40.Nxe7  1-0

[Event "6th Women GP"]
[Site "Doha QAT"]
[Date "2011.02.23"]
[Round "2"]
[White "Dzagnidze,N"]
[Black "Munguntuul,B"]
[Result "1-0"]
[WhiteElo "2550"]
[BlackElo "2410"]

1.Nf3 d5 2.g3 Nf6 3.Bg2 Bg4 4.c4 c6 5.cxd5 cxd5 6.Ne5 Bf5 7.Nc3 Nbd7 8.d4 e6
9.Qb3 Qb6 10.Qxb6 Nxb6 11.f3 h5 12.Nb5 Bb4+ 13.Bd2 Bxd2+ 14.Kxd2 Ke7 15.Rac1 Rhc8
16.b3 Bh7 17.a4 Nbd7 18.Nd3 a6 19.Rxc8 Rxc8 20.Nc3 Nb8 21.e3 Nc6 22.Rc1 Bxd3
23.Kxd3 Nb4+ 24.Kd2 Rc7 25.h3 Rd7 26.Ne2 Ne8 27.Bf1 Rc7 28.Nc3 Nd6 29.Bd3 f5
30.h4 Rc8 31.Bb1 Rg8 32.Ne2 Nc6 33.Bd3 g6 34.Nf4 Kf6 35.Rg1 Rh8 36.Bb1 b5
37.axb5 Nxb5 38.Rc1 Na5 39.Bc2 Na7 40.Nd3 Rb8 41.Nc5 Ke7 42.Ra1 N7c6 43.Kc3 Kd6
44.Bd3 e5 45.b4 exd4+ 46.exd4 Nxd4 47.Rxa5 Rxb4 48.Nb7+ Rxb7 49.Kxd4 Rb4+
50.Kc3 Rb6 51.f4  1-0

[Event "61st ch-RUS w 1st League"]
[Site "Ivanovo RUS"]
[Date "2011.02.23"]
[Round "3"]
[White "Kharmunova,N"]
[Black "Shaidullina,S"]
[Result "1-0"]
[WhiteElo "2118"]
[BlackElo "2207"]

1.Nf3 d5 2.g3 c6 3.Bg2 Bf5 4.O-O Nf6 5.d3 e6 6.Nbd2 h6 7.c4 Nbd7 8.Re1 Bh7
9.e4 dxe4 10.Nxe4 Nxe4 11.dxe4 Nc5 12.Nd4 a5 13.b3 Be7 14.Bb2 O-O 15.Qg4 Bg6
16.Rad1 Qc8 17.h4 h5 18.Qe2 a4 19.b4 a3 20.Ba1 Na4 21.c5 Rd8 22.f4 e5 23.fxe5 b6
24.Nf5 Bxf5 25.exf5 Rxd1 26.Rxd1 bxc5 27.Qxh5 cxb4 28.e6 Bc5+ 29.Kh2 Ra7
30.Bxg7 Kxg7 31.f6+ Kg8 32.Qg4+ Kf8 33.e7+ Rxe7 34.Qg7+  1-0

[Event "61st ch-RUS w 1st League"]
[Site "Ivanovo RUS"]
[Date "2011.02.23"]
[Round "3"]
[White "Trubitsyna,Y"]
[Black "Dordzhieva,D"]
[Result "1-0"]
[WhiteElo "2091"]
[BlackElo "1929"]

1.Nf3 d5 2.g3 c5 3.Bg2 Nc6 4.O-O e5 5.d3 f6 6.Nc3 Be6 7.a3 Qd7 8.Rb1 g5 9.e4 Nge7
10.exd5 Nxd5 11.Ne4 Be7 12.c4 Nc7 13.b4 O-O-O 14.b5 Nb8 15.b6 axb6 16.Rxb6 Qxd3
17.Qa4 Nd7 18.Rxb7 Qxe4 19.Nd4 Qxg2+ 20.Kxg2 Bxc4 21.Qxc4 Kxb7 22.Nf5 Rhe8
23.Nxe7 Rxe7 24.Be3 Ne6 25.Rb1+ Nb6 26.Bxc5 Nxc5 27.Qxc5 Re6 28.a4 Rc6 29.Qe7+  1-0

[Event "e2e4.org.uk Brighton Masters B"]
[Site "Brighton ENG"]
[Date "2011.02.24"]
[Round "2"]
[White "Slavin,A"]
[Black "Player,E"]
[Result "1-0"]
[WhiteElo "2417"]
[BlackElo "2179"]

1.Nf3 d5 2.g3 c5 3.Bg2 Nc6 4.d4 Nf6 5.O-O e6 6.c4 dxc4 7.Qa4 Bd7 8.Qxc4 cxd4
9.Nxd4 Nxd4 10.Qxd4 Bc6 11.Bxc6+ bxc6 12.Qa4 Qb6 13.Be3 Qb5 14.Nc3 Qxa4 15.Nxa4 Nd5
16.Bd4 f6 17.e4 Nb4 18.Rfc1 Kd7 19.Rc4 Be7 20.Rd1 Kc7 21.Bc5 Bxc5 22.Nxc5 a5
23.Rd7+ Kc8 24.Rxg7 Nxa2 25.Nb7 Ra6 26.Ra4 Nb4 27.Nd6+ Kb8 28.Rb7+ Ka8 29.Rbxb4 Rd8
30.Nc4 Rd4 31.Nb6+  1-0

[Event "3rd Batavia-Grolsch"]
[Site "Amsterdam NED"]
[Date "2011.02.25"]
[Round "7"]
[White "Bosboom,M"]
[Black "Van Kampen,R"]
[Result "0-1"]
[WhiteElo "2438"]
[BlackElo "2443"]

1.Nf3 d5 2.g3 c6 3.Bg2 Bg4 4.O-O Nd7 5.d3 Ngf6 6.Nbd2 e5 7.h3 Bh5 8.Nh4 Bc5
9.c4 O-O 10.cxd5 Nxd5 11.Ne4 Bb6 12.Nd6 Bc7 13.Ndf5 N7b6 14.Qd2 Qf6 15.b3 Ne7
16.Nxe7+ Qxe7 17.a4 Qe6 18.Ba3 Rfe8 19.a5 Nd5 20.a6 b6 21.Rfc1 Rac8 22.Rc4 Bd8
23.Nf3 c5 24.h4 Qd7 25.Bb2 f6 26.e4 Nb4 27.d4 exd4 28.Nxd4 Be7 29.Nf3 Qxd2
30.Nxd2 Rcd8 31.Nf1 Be2 32.Rc3 Bd6 33.Re3 Bxa6 34.Nh2 Be5 35.Bxe5 Rxe5 36.Ng4 Ree8
37.Bh3 Bc8 38.Rxa7 h5 39.Nxf6+ gxf6 40.Bxc8 Rxc8 41.Rf3 Rc6 42.g4 Rxe4 43.gxh5 Rg4+
44.Kf1 Re6 45.h6 Nc2 46.Rg3 Rxg3 47.fxg3 Ne3+ 48.Kf2  0-1

[Event "e2e4.org.uk Brighton Masters B"]
[Site "Brighton ENG"]
[Date "2011.02.25"]
[Round "5"]
[White "Haydon,D"]
[Black "Slavin,A"]
[Result "1/2-1/2"]
[WhiteElo "2247"]
[BlackElo "2417"]

1.Nf3 d5 2.g3 Nf6 3.Bg2 Bf5 4.c4 e6 5.Qb3 Qc8 6.d3 c6 7.Nc3 Be7 8.Be3 O-O
9.Rc1 Nbd7 10.Nd4 Bg6 11.cxd5 exd5 12.O-O Nb6  1/2-1/2

[Event "61st ch-RUS w 1st League"]
[Site "Ivanovo RUS"]
[Date "2011.02.25"]
[Round "5"]
[White "Trubitsyna,Y"]
[Black "Valiullina,L"]
[Result "1-0"]
[WhiteElo "2091"]
[BlackElo "1938"]

1.Nf3 d5 2.g3 c5 3.Bg2 Nc6 4.O-O e5 5.d3 f6 6.Nc3 Be6 7.a3 Qd7 8.e4 Nge7
9.exd5 Nxd5 10.Ne4 Be7 11.c3 O-O-O 12.b4 Nc7 13.bxc5 Qxd3 14.Nd6+ Rxd6 15.cxd6 Qxd6
16.Qc2 Nd5 17.a4 Qc7 18.Bb2 g6 19.Qe2 Nb6 20.a5 Nxa5 21.Rxa5 Bc4 22.Qe4 Bxf1
23.Bxf1 Kb8 24.Ra1 Rd8 25.c4 Bd6 26.Ba3 Bxa3 27.Rxa3 Rd1 28.Kg2 Qc5 29.Rd3 Rxd3
30.Bxd3 Kc7 31.Qh4 Qe7 32.c5 Nd7 33.c6 bxc6 34.Qa4 Qc5 35.h4 f5 36.Ne1 a5
37.Be2 Qd5+ 38.Kh2 e4 39.Ng2 Nb6 40.Qa1 Qd2 41.Qg7+ Nd7 42.Nf4 e3 43.fxe3 Qxe3
44.Qxh7 Qf2+ 45.Kh3 Qe1 46.Bf3 a4 47.Qxg6 Ne5 48.Qh7+ Kb6 49.Bg2 Qb1 50.Ne6 Ka6
51.Nc5+ Ka5 52.Qa7+  1-0

[Event "ch-Poltava"]
[Site "Lubny UKR"]
[Date "2011.02.25"]
[Round "9"]
[White "Scherbov,Grigory"]
[Black "Solovchuk,A"]
[Result "1/2-1/2"]
[WhiteElo "2322"]
[BlackElo "2308"]

1.Nf3 d5 2.g3 Nc6 3.d4 Nf6 4.Bg2 e6 5.O-O Be7 6.Nbd2 O-O 7.Re1 Ne4 8.c3 f5
9.Ne5 Nxe5 10.dxe5 Bc5 11.e3 c6 12.Nb3 Bb6 13.f3 Ng5 14.h4 Nf7 15.f4 Bd7
16.a4 a5 17.Bf3 c5 18.Bd2 Bc6 19.Kh2 Qd7 20.Nc1 Nh6 21.Nd3 d4 22.Nf2 d3 23.c4 Rad8
24.b3 Qe7 25.Rc1 Rd7 26.Rg1 Rfd8 27.Ra1 Nf7 28.Ra2 g6 29.Kg2 h5 30.Bxc6 bxc6  1/2-1/2

[Event "Schachbundesliga 2010-11"]
[Site "Aue GER"]
[Date "2011.02.26"]
[Round "10"]
[White "Slobodjan,R"]
[Black "Hector,J"]
[Result "1/2-1/2"]
[WhiteElo "2556"]
[BlackElo "2592"]

1.Nf3 d5 2.g3 Nc6 3.d4 Bg4 4.Bg2 e6 5.Nbd2 Be7 6.c3 Nf6 7.Qa4 Rb8 8.Ne5 b5
9.Nxc6 bxa4 10.Nxd8 Kxd8 11.b4 Bd6 12.f4 Bf5 13.a3 a5 14.O-O h5 15.h3 Rg8
16.h4 Kd7 17.Re1 Ne4 18.Nxe4 dxe4 19.Bd2 g5 20.hxg5 f6 21.Kf2 fxg5 22.fxg5 Be7
23.Rh1 Bxg5 24.Bxg5 Rxg5 25.Rh4 Rbg8 26.Bxe4 Bxe4 27.Rxe4 Rxg3 28.bxa5 Rxc3
29.a6 Rf8+ 30.Ke1 Ra8 31.Rh4 Rxa6 32.Rxh5 Rb6 33.d5 Rb2 34.dxe6+ Kxe6 35.Rh4 Rcc2
36.Kf1 c5 37.Rxa4 Kd5 38.Rd1+ Kc6 39.Re4 Ra2 40.Rd3 c4 41.Rh3 Kd5 42.Re8 Rc1+
43.Kf2 c3 44.Rc8 Rxa3 45.Rd3+ Ke6 46.Rc6+ Ke5 47.Rc5+ Ke6 48.Rc8 Rh1 49.Kg2 Re1
50.Kf3 Rh1 51.Kf2 Rb3 52.Rdxc3 Rh2+ 53.Ke1 Rxc3 54.Rxc3 Rh4 55.Kd2 Rd4+ 56.Ke3 Ra4
57.Rc5 Kd6 58.Rh5 Ke6 59.Kf3 Rb4 60.Ra5 Rc4 61.Ra3 Ke5 62.Re3+ Kf6 63.Re4 Rc5
64.Re8 Rc4 65.Re4 Rc5 66.Rh4 Ra5 67.Rh6+ Ke7 68.Kf4 Ra4+ 69.e4 Ra5 70.Rb6 Rc5
71.Ra6 Rb5 72.Ra7+ Ke6 73.Ra8 Ke7 74.Ra6 Rc5 75.Ra4 Rb5 76.Ke3 Rc5 77.Kd4 Rb5
78.Kc4 Rh5 79.Ra6 Rg5  1/2-1/2

[Event "e2e4.org.uk Brighton Masters B"]
[Site "Brighton ENG"]
[Date "2011.02.26"]
[Round "6"]
[White "Therrien,A"]
[Black "Tozer,R"]
[Result "0-1"]
[WhiteElo "2251"]
[BlackElo "2298"]

1.Nf3 d5 2.g3 Nf6 3.Bg2 c6 4.O-O Bg4 5.h3 Bh5 6.d3 Nbd7 7.Nbd2 e5 8.e4 dxe4
9.dxe4 Bc5 10.a4 a5 11.c3 O-O 12.Qc2 Re8 13.Nc4 Bg6 14.Nh4 Nf8 15.Bg5 h6
16.Rfd1 Qe7 17.Bd2 Bh5 18.Bf3 Bxf3 19.Nxf3 Qe6 20.Be3 Bxe3 21.Nxe3 Qxh3 22.Rd6 Ne6
23.Rad1 Nf4 24.Rxf6 gxf6 25.Nh4 Rad8 26.Rf1 Kh7 27.Nef5 Rg8 28.Rd1 Qg4 29.Rxd8 Rxd8
30.Ne3 Qe2 31.Qb3 Qe1+ 32.Kh2 Qxf2+ 33.Nhg2 Rd7  0-1

[Event "e2e4.org.uk Brighton Masters B"]
[Site "Brighton ENG"]
[Date "2011.02.26"]
[Round "7"]
[White "Haydon,D"]
[Black "Therrien,A"]
[Result "1/2-1/2"]
[WhiteElo "2247"]
[BlackElo "2251"]

1.Nf3 d5 2.g3 c6 3.Bg2 Bg4 4.c4 Bxf3 5.Bxf3 e6 6.Qc2 Nd7 7.d4 Ngf6 8.O-O Be7
9.Nd2 O-O 10.b3 Re8 11.Bb2 g6 12.Rad1 Bf8 13.e4 dxe4 14.Nxe4 Nxe4 15.Bxe4 Bg7
16.Rd2 Qc7 17.Rfd1 Rad8 18.Bf3 Nb6 19.d5 exd5 20.Bxg7 Kxg7 21.Qb2+ Kg8 22.cxd5 Nxd5
23.Bxd5 Rxd5 24.Rxd5 cxd5 25.Rxd5 Rd8 26.Rxd8+ Qxd8 27.Qe5 a6 28.Kg2 Qd7  1/2-1/2